Entrada Nombre personal
Número de registros utilizados en: 13
001 - NÚMERO DE CONTROL
- campo de control: 2421
003 - IDENTIFICADOR DEL NÚMERO DE CONTROL
- campo de control: BNPHU
005 - FECHA Y HORA DE LA ÚLTIMA TRANSACCIÓN
- campo de control: 20240229091310.0
008 - DATOS DE LONGITUD FIJA
- campo de control de longitud fija: 200615|| aca||aabn | a|a d
010 ## - NÚMERO DE CONTROL DE LA BIBLIOTECA DEL CONGRESO
- Número de control de LC: n 80123500
040 ## - FUENTE DE LA CATALOGACIÓN
- Centro catalogador/agencia de origen: DO-Sd-BNP
- Lengua de catalogación: spa
- Centro/agencia transcriptor: BNPHU
- Normas de descripción: rda
100 1# - ENCABEZAMIENTO-NOMBRE DE PERSONA
- Nombre de persona: Díaz Polanco, Héctor,
- Fechas asociadas al nombre: 1944-
370 ## - LUGAR ASOCIADO
- Lugar de nacimiento: Santo Domingo (República Dominicana)
- Otro lugar asociado: Ciudad de México (México)
372 ## - CAMPO DE ACTIVIDAD
- Campo de actividad: Ciencias sociales
- Campo de actividad: Derecho
373 ## - GRUPO ASOCIADO
- Grupo asociado: Universidad Autónoma de Santo Domingo
- Grupo asociado: Universidad Nacional Autónoma de México
373 ## - GRUPO ASOCIADO
- Grupo asociado: Centro de Investigación y Estudios Superiores en Antropología Social (México)
374 ## - OCUPACIÓN
- Ocupación: Científicos sociales
375 ## - GÉNERO/SEXO
- Género/Sexo: Masculino
377 ## - LENGUA/LENGUAJE ASOCIADO
- Código del idioma: spa
- Término de lengua/lenguaje: Español
400 1# - TRAZADO DE VÉASE--NOMBRE DE PERSONA
- Nombre de persona: Polanco, Héctor Díaz,
670 ## - FUENTE DE DATOS ENCONTRADOS
- Cita de la fuente: Díaz Polanco, Héctor, 1944-, Las teorías antropológicas :, 1986.
670 ## - FUENTE DE DATOS ENCONTRADOS
- Cita de la fuente: Los enemigos íntimos, 1969.
670 ## - FUENTE DE DATOS ENCONTRADOS
- Cita de la fuente: Bravo, V. Teoría y realidad en Marx, Durkheim y Weber, 1982
670 ## - FUENTE DE DATOS ENCONTRADOS
- Identificador Uniforme del Recurso: https://authorities.loc.gov/cgi-bin/Pwebrecon.cgi?AuthRecID=3307400&v1=1&HC=1&SEQ=20240226083053&PID=WCj6Baa_wCPgIzYvpqfaux12ouAx Consulado en: 26/02/2024
